Sports Quiz

Random Sports or MLB Quiz
Score 0/90 Timer 08:00
2 Plays Today
% Correct
Alex Rodriguez/Jim Thome
90.5%
Alex Rodriguez
89.9%
Alex Rodriguez
89.9%
Alex Rodriguez
89.9%
Alex Rodriguez
89.9%
Alex Rodriguez
88.8%
Francisco Rodriguez
88.2%
Francisco Rodriguez
88.2%
Albert Pujols
87.1%
Albert Pujols
87.1%
Albert Pujols
87.1%
Albert Pujols
87.1%
Albert Pujols
87.1%
Albert Pujols
87.1%
Barry Bonds
80.9%
Barry Bonds
80.9%
Randy Johnson
77.6%
Randy Johnson
77.6%
Randy Johnson
77.6%
Randy Johnson
77.6%
Randy Johnson
77.6%
Randy Johnson
77.6%
Sammy Sosa
72.3%
Sammy Sosa
72.3%
Sammy Sosa
72.3%
Mariano Rivera
71.9%
Mariano Rivera
71.9%
Felix Hernandez/Justin Verlander/CC Sabathia/Adam Wainwright
71.5%
Ryan Howard/Prince Fielder
69.9%
Hanley Ramirez
69%
% Correct
David Ortiz
68.6%
Ryan Howard
67.9%
Ryan Howard
67.9%
Ryan Howard
67.9%
Ryan Howard
67.9%
Pedro Martinez
66.7%
Pedro Martinez
66.7%
Pedro Martinez
66.7%
Ichiro
65.5%
Ichiro
65.5%
Justin Verlander
63.3%
Chipper Jones
59.2%
Curt Schilling/Matt Morris
59.2%
Roger Clemens
59.1%
Andruw Jones
59%
Curt Schilling
58.8%
Cliff Lee/Brandon Webb
58%
Derrek Lee
56.9%
Roy Halladay
52%
Todd Helton
50.8%
Helton/Garciaparra
45.4%
Joe Mauer
45.3%
Joe Mauer
45.3%
Johan Santana/Chien-Ming Wang
41.8%
Johan Santana
41.6%
Johan Santana
41.6%
Johan Santana
41.6%
Johan Santana
41.6%
Eric Gagne
41%
John Smoltz
39.7%
% Correct
Adrian Beltre
38.4%
Larry Walker
37.9%
Jose Reyes
37.7%
Jose Reyes
37.7%
Jeff Bagwell
36.8%
Juan Pierre
35.9%
Tom Glavine
35.5%
Tim Lincecum
32%
Miguel Tejada
31.5%
Alfonso Soriano
30.8%
Carlos Delgado
30.2%
Magglio Ordóñez
24.4%
Josh Beckett
24.3%
Jake Peavy
23.8%
Jake Peavy
23.8%
Jake Peavy
23.8%
Jacoby Ellsbury
22.7%
Zach Greinke
22.3%
Kerry Wood
19.4%
Luis Castillo
17%
Luis Castillo
17%
Dontrelle Willis
16.1%
Scott Podsednik
13.9%
Chone Figgins
11%
Grady Sizemore
10.8%
Chad Cordero
9%
Jose Valverde
7.6%
Willy Taveras
6.9%
Brian Fuentes
5.1%
Antonio Alfonseca
2.9%
Remove Ads.
Support Sporcle.
Get the best of Sporcle when you Go Orange. This ad-free experience offers more features, more stats, and more fun while also helping to support Sporcle. Thank you for becoming a member.

You're not logged in!

Compare scores with friends on all Sporcle quizzes.
OR
Log In

Sporcle TV

Today on Sporcle TV


Watch our educational content, quiz creation guides, and fun videos on Sporcle TV.

Show Comments

Extras

Top Quizzes Today


Score Distribution

Paid Content

Your Account Isn't Verified!

In order to create a playlist on Sporcle, you need to verify the email address you used during registration. Go to your Sporcle Settings to finish the process.

Report this User

Report this user for behavior that violates our Community Guidelines.

Details: